000 00809 a2200229 4500
005 20251208150358.0
008 251208b |||||||| |||| 00| 0 eng d
020 _a9788185267502 (hbk)
037 _cTB
040 _aAL
_cAL
041 _2pun
_apun
084 _aO153wN1 K1;R5
_qAL
100 _aਗਾਰਗੀ ਬਲਵੰਤ / Gargi, Balwant
_9850997
245 _aਨੀਮ ਦੇ ਪਤੇ
246 _aNimm de Patte
260 _aDelhi, India;
_bNavyug Publishers,
_c2025.
300 _a168p.
365 _b 200.00
_cINR
650 _2ਪੰਜਾਬੀ ਸਾਹਿਤ
942 _cTB
_2CC
_n0
_hO153wN1 K1;R5
999 _c1465326
_d1465326